| 000 | 00845nam a22002537a 4500 | ||
|---|---|---|---|
| 005 | 20150901115740.0 | ||
| 010 | _aENG-113426 | ||
| 020 |
_a9789351502425 _c895.00 |
||
| 035 | _aEN-96958 | ||
| 037 | _bDBAD/PUB | ||
| 082 | _a155.93 | ||
| 100 | _aPreitler, Barbara | ||
| 245 |
_aGrief and disappearance : _cby Barbara Preitler ; translated by Julia Skala _bpsychosocial interventions / |
||
| 260 |
_aNew Delhi _bSage Publications _c2015 |
||
| 270 |
_aB1/I-1, Mohan Cooperative Industrial Area, Mathura Road _bNew Delhi _e110044 |
||
| 300 |
_axi,228p. _c22cm(Hb) |
||
| 500 | _aIncludes bibliographical references and index | ||
| 650 | _a Grief. | ||
| 650 | _aDisappeared persons. | ||
| 650 | _a Missing persons. | ||
| 650 |
_aPsychic trauma _xTreatment. |
||
| 700 | _aSkala, Julia | ||
| 942 |
_2ddc _cEN _mPRE _h155.93 |
||
| 999 |
_c94798 _d94798 |
||